Manual de Presto : Con la colaboración de Soft
| Main Authors: | , |
|---|---|
| Format: | Section = Libro |
| Language: | Undetermined Spanish |
| Published: |
España
McGraw-Hill
2007
|
| Edition: | 4a.ed |
| Subjects: |
| LEADER | 00673nam a2200253Ia 4500 | ||
|---|---|---|---|
| 008 | 240830s9999 xx 000 0 und d | ||
| 020 | |a 978-84-481-5620-6 | ||
| 040 | |a B-ESTELÍ- RUACS / 692.5 A662 | ||
| 041 | |a spa | ||
| 082 | |a 692.5 A662 | ||
| 100 | 1 | |a Arango, Rodolfo de Benito | |
| 100 | 1 | |b Sánchez Granda, Ana Jesús | |
| 245 | 1 | 0 | |a Manual de Presto : Con la colaboración de Soft |
| 250 | |a 4a.ed | ||
| 260 | |a España |b McGraw-Hill |c 2007 | ||
| 300 | |a 367 p:il | ||
| 650 | 7 | |a MANUAL DE PRESTO | |
| 650 | 7 | |b PARA QUE ES PRESTO | |
| 650 | 7 | |c MEDICIONES | |
| 650 | 7 | |d PLANIFICACION | |
| 650 | 7 | |e FACTURAS | |
| 942 | |c BK |2 ddc | ||
| 991 | |a TEXTO | ||
| 999 | |c 11591 | ||